Optimálne zdanenie príjmu

Gespeichert in:
Bibliographische Detailangaben
1. Verfasser: Kováč, Urban
Weitere Verfasser: Gerulová, Lukrécia, 1978-, Kováčová, Monika
Format: Buchkapitel
Sprache:Slowakisch
Tags: Tag hinzufügen
Keine Tags, Fügen Sie das erste Tag hinzu!

MARC

LEADER 00000nla$a2200000$$$4500
001 0122177
005 20240502072401.5
041 0 |a slo 
044 |a SK 
245 1 0 |a Optimálne zdanenie príjmu  |c Urban Kováč 
100 1 |a Kováč, Urban 
700 1 |a Gerulová, Lukrécia, 1978- 
700 1 |a Kováčová, Monika